000
00269nam a22001217a 4500
008
190305b xxu||||| |||| 00| 0 eng d
041
_a
eng
080
_a
575
100
_a
9
101
_a
IMU
245
_a
Principles of Modern Immunology
_c
Park, B.H
942
_2
udc
_c
BK
999
_c
54571
_d
54571